000 00512nam a22001937a 4500
003 KOHA_MİRAKIL
005 20251224140348.0
008 251224b tu ||||| |||| 00| 0 tur d
020 _a9789751970749
040 _aTR-AnABB
_btur
_cTR-AnABB
041 _atur
082 _a297.12240459
_bESE 2019
100 1 _aEsen, Bilal,
245 1 0 _aHâfız
_cBilal Esen
260 _aAnkara :
_bDiyanet İşleri Başkanlığı,
_c2019
300 _a1458 sayfa ;
_c23 cm
650 0 4 _aDin
942 _2ddc
_cBK
999 _c9924
_d9924
900 _bGizem YORULMAZ